| 000 | 00671nam a2200217Ia 4500 | ||
|---|---|---|---|
| 008 | 191130s2009##################000#0#eng## | ||
| 020 | _a9781412948807 | ||
| 022 | _a2008926948 | ||
| 040 |
_aACL _cACL |
||
| 082 | _a362.1 WIL | ||
| 245 |
_aKey concepts in public health _c[edited by] Frances Wilson and Mzwandile Mabhala |
||
| 260 |
_aThousand Oaks, CA _bSage _c2009 |
||
| 300 | _axiii, 312 p. : ill. ; 22 cm | ||
| 500 | _aIncludes bibliographical references (p. 277-304) and index | ||
| 650 | _aPublic health | ||
| 700 | _aMabhala, Mzwandile | ||
| 700 | _aWilson, Frances | ||
| 990 | _ac0b6d5bcac10000c2223325806fe9284 | ||
| 991 | _a357028 | ||
| 999 |
_c225871 _d225871 |
||